| 000 | 01471nam2a22002891 4500 | ||
|---|---|---|---|
| 001 | v19\rc\1884675 | ||
| 005 | 20251118180051.5 | ||
| 035 | _a(NLR Aleph) 004941432 | ||
| 090 |
_a5785312 _c5785312 |
||
| 100 | _a20080221d1915 u y0rusy50 ca | ||
| 101 | 0 | _arus | |
| 102 | _aRU | ||
| 105 | _ay z ||||| | ||
| 200 | 1 |
_a... за лето 1913 года _fСост. врачами Санатории В.Н. Грамолиной и Н.Я. Трофимовым _a... за лето 1914 года _fСост. врачом Санатории Н.Н. Зыковой |
|
| 210 | _d1915 | ||
| 215 | _a34 с. | ||
| 461 | 0 |
_1001v19\rc\1884672 _12001#$aОтчет по Санатории Саратовского санитарного общества...$v... за лето 1913 года _95918996 _aСаратовское санитарное о-во. Кумысолечебная санатория _cСаратов _d1910-1915 _tОтчет по Санатории Саратовского санитарного общества... _v... за лето 1913 года |
|
| 702 | 1 |
_aГрамолина _bВ.Н. _f1892- _gВарвара Николаевна _4220 |
|
| 702 | 1 |
_aТрофимов _bН.Я. _f1880- _gНиколай Яковлевич _4220 |
|
| 702 | 1 |
_aЗыкова _bН.Н. _4220 |
|
| 801 | 0 |
_aRU _bNLR _gpsbo |
|
| 801 | 0 |
_aRU _bRuMoRGB _2psbo |
|
| 801 | 1 |
_aRU _bProSoft-M _2rusmarc |
|
| 852 |
_aNLR _j17.121.3.2 |
||
| 899 |
_aRuMoRGB _jP 78/1149 _y(1909-1914*) |
||
| 942 | _cBOOK | ||
| 980 | _aNB | ||